| 000 | 01065cam a22003491 4500 | ||
|---|---|---|---|
| 999 |
_c200431110 _d49322 |
||
| 001 | 9382616 | ||
| 003 | TR-AnTOB | ||
| 005 | 20190723173528.0 | ||
| 008 | 180906s1963 nyu e 001 0 eng | ||
| 010 | _a63018530 | ||
| 035 | _a(OCoLC)1337364 | ||
| 040 |
_aDLC _beng _erda _cFO _dOCoLC _dDLC _dTR-AnTOB |
||
| 041 | _aeng | ||
| 042 | _apremarc | ||
| 050 | 0 | 0 |
_aDR593 _b.E68 |
| 090 |
_aDR593 _b.E68 1963 |
||
| 100 | 1 |
_aEren, Nuri _eauthor _9120631 |
|
| 245 | 1 | 0 |
_aTurkey today and tomorrow ; _ban experiment in westernization / _cNuri Eren. |
| 264 | 1 |
_aNew York : _bPraeger, _c1963. |
|
| 264 | 4 | _c©1963 | |
| 300 |
_a276 pages _c22 cm |
||
| 336 |
_atext _btxt _2rdacontent |
||
| 337 |
_aunmediated _bn _2rdamedia |
||
| 338 |
_avolume _bnc _2rdacarrier |
||
| 490 | 0 |
_aThe Praeger contemporary world series, _vno. 8 |
|
| 504 | _aBibliographical references included in "Notes" (p. 261-265) | ||
| 590 | _aDonated by TOBB | ||
| 651 | 0 |
_aTurkey _xCivilization _920835 |
|
| 651 | 0 |
_aTurkey _xHistory _y1960- _955028 |
|
| 942 |
_2lcc _cBK |
||